La educación de los ciegos / (Record no. 121609)

MARC details
000 -LEADER
campo de control de longitud fija 00521nam a2200169 4500
001 - NÚMERO DE CONTROL
campo de control 121609
003 - IDENTIFICADOR DE NÚMERO DE CONTROL
campo de control ES-MaACL
005 - FECHA Y HORA DE LA ÚLTIMA TRANSACCIÓN
campo de control 20230906191802.0
007 - CAMPO FIJO DE DESCRIPCIÓN FÍSICA--INFORMACIÓN GENERAL
campo de control de longitud fija t|
008 - DATOS DE LONGITUD FIJA--INFORMACIÓN GENERAL
campo de control de longitud fija 070214s1957 sp r ||||1| spa d
100 1# - ENTRADA PRINCIPAL--NOMBRE DE PERSONA
Nombre de persona Plata Gutiérrez, José.
9 (RLIN) 92589
245 13 - MENCIÓN DEL TÍTULO
Título La educación de los ciegos /
Mención de responsabilidad, etc. José Plata Gutiérrez.
260 ## - PUBLICACIÓN, DISTRIBUCIÓN, ETC.
Lugar de publicación, distribución, etc. Madrid :
Nombre del editor, distribuidor, etc. [s. n.],
Fecha de publicación, distribución, etc. 1957 (
Fabricante Artes Gráf. Diana)
300 ## - DESCRIPCIÓN FÍSICA
Extensión 50 p. ;
Dimensiones 21 cm.
500 ## - NOTA GENERAL
Nota general Es separata de: Revista de Educación, nº 27.
852 ## - LOCALIZACIÓN
Ubicación ES-MaACL
Número de control de estantería 2005-F-3
Sublocalización o colección R.41637
Holdings
Estatus retirado Estado de pérdida Estado de daño No para préstamo Colección Biblioteca de origen Biblioteca actual Ubicación en estantería Fecha de adquisición Fuente de adquisición Total de préstamos Signatura topográfica completa Código de barras Visto por última vez Precio de reemplazo Tipo de ítem Koha
        Colección de folletos Biblioteca del Ateneo de Madrid Biblioteca del Ateneo de Madrid Depósito folletos 17/01/2008     2005-F-3 1126732 23/02/2023 23/02/2023 Folleto